Sports Quiz

Random Sports Quiz

1992 Hooters 500 Quiz Stats

 Plays Quiz not verified by Sporcle

Also try: MLB #1 Draft Picks
Challenge
Share
Tweet
Embed
Score 0/41 Timer 10:00
0 Plays Today
Car # Driver % Correct
42Kyle Petty
100%
43Richard Petty
100%
3Dale Earnhardt
98.6%
11Bill Elliott
98.6%
28Davey Allison
98.6%
24Jeff Gordon
98.6%
17Darrell Waltrip
98.6%
30Michael Waltrip
98.6%
26Brett Bodine
97.3%
94Terry Labonte
97.3%
7Alan Kulwicki
97.3%
6Mark Martin
95.9%
4Ernie Irvan
95.9%
15Geoffrey Bodine
95.9%
2Rusty Wallace
95.9%
18Dale Jarrett
95.9%
22Sterling Marlin
94.6%
5Ricky Rudd
94.6%
25Ken Schrader
94.6%
33Harry Gant
94.6%
1Rick Mast
91.9%
Car # Driver % Correct
21Morgan Shepherd
90.5%
88Mike Wallace
89.2%
10Derrike Cope
85.1%
68Bobby Hamilton
82.4%
83Lake Speed
81.1%
8Dick Trickle
79.7%
55Ted Musgrave
78.4%
41Hut Stricklin
77%
12Jimmy Spencer
74.3%
71Dave Marcis
74.3%
52Jimmy Means
56.8%
66Jimmy Hensley
54.1%
45Rich Bickle
45.9%
49Stanley Smith
44.6%
9Chad Little
44.6%
16Wally Dallenbach Jr.
41.9%
90Bobby Hillin Jr.
35.1%
23Eddie Bierschwale
33.8%
32Jimmy Horton
29.7%
57Bob Schacht
16.2%

You're not logged in!

Compare scores with friends on all Sporcle quizzes.
OR
Log In

You Might Also Like...

Show Comments

Extras

Top Quizzes Today


Score Distribution

Your Account Isn't Verified!

In order to create a playlist on Sporcle, you need to verify the email address you used during registration. Go to your Sporcle Settings to finish the process.

Report this User

Report this user for behavior that violates our Community Guidelines.

Details: